Départements français avec les lettres Y ou Z dans leur nom - Statistiques

Statistiques générales
  • Ce quiz a été pris 464 fois
  • Le résultat moyen est 11 sur 12
Statistiques - réponses
Département % Correct
89 Yonne
97%
78 Yvelines
97%
12 Aveyron
90%
973 Guyane
90%
976 Mayotte
90%
66 Pyrénées-Orientales
89%
19 Corrèze
88%
53 Mayenne
88%
65 Hautes-Pyrénées
87%
64 Pyrénées-Atlantiques
87%
48 Lozère
86%
63 Puy-de-Dôme
85%
Aucun quiz correspondant
Distribution des résultats
% des personnes avec chaque résultat
Percentile par nombre de réponses
Votre historique - résultats
Vous n’avez pas pris ce quiz